Environmental impact assessment

Bibliographic Details
Format: Book
Published: Boston : Martinus Nijhoff , 1983
Series:NATO advanced study institutes series. Series D, Behavioural and social sciences no. 14
Subjects:

MARC

LEADER 00000cam a2200000 7i4500
001 0000022039
005 20080916.0
020 |a 1394-5505 
040 |a INS 
090 0 0 |a TD194.6   |b E58 1983 
245 0 0 |a Environmental impact assessment   |c edited by PADC Environmental Impact Assessment and Planning Unit, University of Aberdeen, United Kingdom 
260 |a Boston :   |b Martinus Nijhoff ,   |c 1983 
300 |a vii,425p. ;   |c 30cm. 
440 0 |a NATO advanced study institutes series. Series D, Behavioural and social sciences no. 14 
500 |a Paper presented at Proceedings of the NATO Advanced Study Institute on Environment Impact Assessment, Chateau de Bonas, Toulouse, France, August 30-September 12, 1981 
650 0 0 |a Environmental impact analysis   |x Congresses 
999 |a 0000020145   |b BOOK   |c Open Shelf   |e Default branch